Minecraft Nether Advancements (Tree) - Statistics

General Stats
  • This quiz has been taken 37 times
    13 since last reset
  • The average score is 12 of 23
Answer Stats
Parent Answer % Correct
Nether Return to Sender
75%
Nether A Terrible Fortress
67%
A Terrible Fortress Spooky Scary Skeleton
67%
Return to Sender Uneasy Alliance
67%
Bring Home the Beacon Beaconator
58%
Hidden in the Depths Cover Me in Debris
58%
Nether Hidden in the Depths
58%
A Terrible Fortress Into Fire
58%
- Nether
58%
Nether Oh Shiny
58%
Spooky Scary Skeleton Withering Heights
58%
A Furious Cocktail How Did We Get Here?
50%
Who is Cutting Onions? Not Quite "Nine" Lives
50%
Nether Subspace Bubble
50%
Nether This Boat Has Legs
50%
Nether Those Were the Days
50%
Those Were the Days War Pigs
50%
Local Brewery A Furious Cocktail
42%
Withering Heights Bring Home the Beacon
42%
This Boat Has Legs Hot Tourist Destinations
42%
Into Fire Local Brewery
42%
Nether Who is Cutting Onions?
42%
This Boat Has Legs Feels Like Home
33%
No matching quizzes found
Score Distribution
Percent of People with Each Score
Percentile by Number Answered
Your Score History
You have not taken this quiz since the last reset